• 首页
  • 本馆介绍
  • 公告通知
  • 最新文献
  • 馆藏检索
  • 电子资源
  • 读者导购
  • 参考咨询
  • 我的图书馆
  • 登录
  • 详细信息显示
  • 放入我的书架
  • 预约/预借图书
  • 作者相关作品
  • 分类相关作品
  • 丛书相关作品
  • 出版社相关作品

书目信息

  • 表格格式
  • 工作单格式
  • 卡片格式
题名:
总统笔记
    
 
作者: 鲍里斯·叶利钦 ;李垂发
分册:  
出版信息: 北京   东方出版社  1995
页数: 465
开本: 20cm
丛书名:
单 册:
中图分类: D4
科图分类:
主题词: 青年组织 , 妇女运动 , 妇女组织 , 农民运动 , 农艺组织 , 青年运动 , 工人运动 , 工人群众组织
电子资源:
ISBN: 7-5060-0610-3
000 00738nam0 2200277 450
001 0735257515
005 20070904094737.51
010    @a7-5060-0610-3@d35
100    @a20070904d km y0chiy0120 ea
101 0  @achi
200 1  @a总统笔记@Azong tong bi ji@f鲍里斯.叶利钦@Fbao li si.ye li qin@g李垂发等@Gli chui fa deng
210    @a北京@c东方出版社@d1995
215    @a465@d20cm
606 0  @a青年组织
606 0  @a妇女运动
606 0  @a妇女组织
606 0  @a农民运动
606 0  @a农艺组织
606 0  @a青年运动
606 0  @a工人运动
606 0  @a工人群众组织
690    @aD4@v3
701  0 @a鲍里斯·叶利钦@Abao li si·ye li qin
702  0 @a李垂发@Ali chui fa
801  0 @aCN@bPFT@c20070904
905    @a213230@dD4@ea2@f1
    
    总统笔记/鲍里斯.叶利钦/李垂发等.-北京:东方出版社,1995
    465;20cm
    
    
    ISBN 7-5060-0610-3:35
    
●
相关链接 在E读中查询图书 在五车中查询图书 在当当中查询图书 在豆瓣中查询图书


正题名:总统笔记     索取号:D4/a2         预约/预借

序号 登录号 条形码 馆藏地/架位号 状态 备注
1 7501315   275013156   密集书库-史法系/ [索取号:D4/a2] 在馆    
唐山师范学院图书馆 欢迎您!
大连网信软件有限公司© 版权所有